000 00501nam a2200145Ia 4500
008 220216s9999 xx 000 0 und d
100 _aBaharin A
245 0 _aRubber powder from over-cured latex and its usage
260 _bInternational Rubber Conference 1997. Rubber Science and Technology: Improving Quality of Life, Kuala Lumpur, Malaysia 6-9 Oct 1997; p277-283
650 _aOver-cured latex
650 _aRubber powder
700 _aNasir M
700 _aRohaidah Abdul Rahim
942 _cJS
999 _c67906
_d67906